مكتبة جامعة عجلون الوطنية

فهرس بحث المكتبة

Normal view MARC view
  • شبه الجزيرة العربية-تاريخ/ دول الخليج العربي-تاريخ/شبه الجزيرة العربية-علاقات خارجية-تركيا

Entry Topical Term

Number of records used in: 1

001 - CONTROL NUMBER

  • control field: 9344

003 - CONTROL NUMBER IDENTIFIER

  • control field: JO-AjAnu

005 - DATE AND TIME OF LATEST TRANSACTION

  • control field: 20230606071813.0

008 - FIXED-LENGTH DATA ELEMENTS

  • fixed length control field: 230606|| aca||aabn | a|a d

040 ## - CATALOGING SOURCE

  • Original cataloging agency: JO-AjAnu
  • Transcribing agency: JO-AjAnu

150 ## - HEADING--TOPICAL TERM

  • Topical term or geographic name entry element: شبه الجزيرة العربية-تاريخ/ دول الخليج العربي-تاريخ/شبه الجزيرة العربية-علاقات خارجية-تركيا

670 ## - SOURCE DATA FOUND

  • Source citation: Work cat.: (JO-AjAnu)4818: ابراهيم، عبد العزيز عبد الغني, author 9343, أمراء وغزاة: قصة الحدود والسيادة الإقليمية في الخليج(دراسة وثائقية)